00446nam a2200157 i 4500001000300000245008200003260003500085300002200120040000800142041000800150080001600158942000700174008004100181999001700222952004900239bg 0aFizika wysokotemperaturnoj plazmy /cPerev. s ang. pod red. M. S. Rabinovica. aMoskwa :bIzdat. "Mir',c1972. as. 339 :bilustr. cBPK apol a533.9+537.5 cKS s pl f |000 0 pol  c14703d14703 00104070aBPKbBPKcwo14609p01723922yKS